The successful student (Record no. 131587)

MARC details
000 -LEADER
fixed length control field 00769nam a2200253 i 4500
001 - CONTROL NUMBER
control field C2-0332964
003 - CONTROL NUMBER IDENTIFIER
control field PPAK
005 - DATE AND TIME OF LATEST TRANSACTION
control field 20180728133107.0
008 - FIXED-LENGTH DATA ELEMENTS--GENERAL INFORMATION
fixed length control field 150820s2014 my |||| ||||| | eng d
020 ## - INTERNATIONAL STANDARD BOOK NUMBER
International Standard Book Number 9789670610177
040 ## - CATALOGING SOURCE
Original cataloging agency PPAK
Language of cataloging eng
Transcribing agency PPAK
Description conventions rda
082 04 - DEWEY DECIMAL CLASSIFICATION NUMBER
Classification number 371.30281
Edition number 23
090 00 - LOCALLY ASSIGNED LC-TYPE CALL NUMBER (OCLC); LOCAL CALL NUMBER (RLIN)
Classification number (OCLC) (R) ; Classification number, CALL (RLIN) (NR) 371.30281
Feature heading IKI
Feature heading G
100 1# - MAIN ENTRY--PERSONAL NAME
Personal name Ikiriko, Patricia,
Relator term author
245 14 - TITLE STATEMENT
Title The successful student
264 #1 - PRODUCTION, PUBLICATION, DISTRIBUTION, MANUFACTURE, AND COPYRIGHT NOTICE
Place of production, publication, distribution, manufacture Petaling Jaya, Selangor :
Name of producer, publisher, distributor, manufacturer Advantage Quest Sdn. Bhd. ,
Date of production, publication, distribution, manufacture, or copyright notice 2014
300 ## - PHYSICAL DESCRIPTION
Extent 180 pages ;
Dimensions 22 cm
336 ## - CONTENT TYPE
Source rdacontent
Content type term text
337 ## - MEDIA TYPE
Source rdamedia
Media type term unmediated
338 ## - CARRIER TYPE
Source rdacarrier
Carrier type term volume
500 ## - GENERAL NOTE
General note Bibliography : pages 175 -180
650 10 - SUBJECT ADDED ENTRY--TOPICAL TERM
Topical term or geographic name entry element Education - Study guides. ; Study skills. ; Students - Conduct of life.
942 ## - ADDED ENTRY ELEMENTS (KOHA)
-- dc
Koha item type Book
Holdings
Withdrawn Not for loan Current library Shelving location Date acquired Full call number Barcode Date last seen Koha item type
    Perpustakaan Alor Setar Pinjaman Dewasa 26/08/2015 371.30281 IKI A01456637 14/07/2018 Book
    Perpustakaan Kulim Pinjaman Dewasa 26/10/2015 371.30281 IKI A01459196 09/05/2018 Book